000 01237cam a22003497a 4500
003 CHAP
005 20220817043542.0
008 990614d1994 it rn 00110 fre d
010 _a78274
011 _a79246
020 _a9252034951
035 _a89416
040 _cCHAP
082 0 4 _a338.9
_bF44 v.35
110 2 _aFAO
245 1 0 _aNote de méthodologie générale sur l'analyse de filière :
_butilisation de l'analyse de filière pour l'analyse économique des politiques
_c/par Pierre Fabre
260 _aRome :
_bFAO,
_c1994.
300 _a105 p.
490 0 _aFAO. Materiales de capacitación para la planificación agrícola
_v; 35
590 _aBATCH-UPD
_b10
_c20130110
_lUCH01
_h0421
590 _aBATCH-UPD
_b10
_c20130410
_lUCH01
_h0056
590 _aBATCH-UPD
_b10
_c20130914
_lUCH01
_h1340
590 _aCONVERSION
_b10
_c20130109
_lUCH01
_h1343
650 1 4 _aPolítica agrícola.
_990283
650 1 4 _aPolítica económica.
700 0 _aFabre, Pierre.
_939284
830 0 _aFAO. Materiales de capacitación para la planificación agrícola
_v; 35
_939620
901 _aBK
905 _aLilia Sánchez G.
942 _cLIBRO
949 _a338.9 F44f v.35
_bBC
_cFAO
_d33724000728747
_eFAO1
_h95735
_i89416
_kDonaciØn
_sb
999 _c78274
_d78274